Statistics for Riz Ahmed Movies

Click here to take the quiz!

General Stats

  • This quiz has been taken 7 times
  • The average score is 3 of 5

Answer Stats

Release YearCostarsMovie% Correct
2018Tom Hardy, Michelle WilliamsVenom
100%
2019Olivia Cooke, Paul RaciSound of Metal
80%
2014Jake Gyllenhaal, Rene RussoNightcrawler
60%
2016Matt Damon, Tommy Lee JonesJason Bourne
20%
2018John C. Reilly, Joaquin PhoenixThe Sisters Brothers
20%

Score Distribution

Percentile by Number Answered

Percent of People with Each Score

Your Score History

You have not taken this quiz